<?xml version="1.0" encoding="UTF-8"?>
<record
    xmlns:xsi="http://www.w3.org/2001/XMLSchema-instance"
    xsi:schemaLocation="http://www.loc.gov/MARC21/slim http://www.loc.gov/standards/marcxml/schema/MARC21slim.xsd"
    xmlns="http://www.loc.gov/MARC21/slim">

  <leader>03030nam0a2200433   4500</leader>
  <controlfield tag="001">RU\NLR\BIBL_A\011337000</controlfield>
  <controlfield tag="005">20260408082000.0</controlfield>
  <datafield tag="020" ind1=" " ind2=" ">
    <subfield code="a">RU</subfield>
    <subfield code="b">258</subfield>
    <subfield code="9">&#x421;&#x432;&#x43E;&#x434;&#x43D;&#x44B;&#x439; &#x43A;&#x430;&#x442;&#x430;&#x43B;&#x43E;&#x433; &#x43B;&#x438;&#x441;&#x442;&#x43E;&#x432;&#x43E;&#x43A; &#x43F;&#x435;&#x440;&#x432;&#x44B;&#x445; &#x43B;&#x435;&#x442; &#x421;&#x43E;&#x432;&#x435;&#x442;&#x441;&#x43A;&#x43E;&#x439; &#x432;&#x43B;&#x430;&#x441;&#x442;&#x438; (25 &#x43E;&#x43A;&#x442;&#x44F;&#x431;&#x440;&#x44F; (7 &#x43D;&#x43E;&#x44F;&#x431;&#x440;&#x44F;) 1917 - 1925) &#x422;.1. &#x41B;&#x438;&#x441;&#x442;&#x43E;&#x432;&#x43A;&#x438; &#x432;&#x44B;&#x441;&#x448;&#x438;&#x445; &#x43E;&#x440;&#x433;&#x430;&#x43D;&#x43E;&#x432; &#x433;&#x43E;&#x441;&#x443;&#x434;&#x430;&#x440;&#x441;&#x442;&#x432;&#x435;&#x43D;&#x43D;&#x43E;&#x439; &#x432;&#x43B;&#x430;&#x441;&#x442;&#x438; &#x438; &#x443;&#x43F;&#x440;&#x430;&#x432;&#x43B;&#x435;&#x43D;&#x438;&#x44F;, &#x446;&#x435;&#x43D;&#x442;&#x440;&#x430;&#x43B;&#x44C;&#x43D;&#x44B;&#x445; &#x43F;&#x430;&#x440;&#x442;&#x438;&#x439;&#x43D;&#x44B;&#x445;, &#x43F;&#x440;&#x43E;&#x444;&#x441;&#x43E;&#x44E;&#x437;&#x43D;&#x44B;&#x445;, &#x43A;&#x43E;&#x43C;&#x441;&#x43E;&#x43C;&#x43E;&#x43B;&#x44C;&#x441;&#x43A;&#x438;&#x445; &#x438; &#x434;&#x440;&#x443;&#x433;&#x438;&#x445; &#x43E;&#x440;&#x433;&#x430;&#x43D;&#x438;&#x437;&#x430;&#x446;&#x438;&#x439;. &#x427;.1.-2</subfield>
  </datafield>
  <datafield tag="035" ind1=" " ind2=" ">
    <subfield code="a">(NLR Aleph) 011337000</subfield>
  </datafield>
  <datafield tag="090" ind1=" " ind2=" ">
    <subfield code="a">11167802</subfield>
    <subfield code="c">11167802</subfield>
  </datafield>
  <datafield tag="100" ind1=" " ind2=" ">
    <subfield code="a">20170302d1920    |||y0rusy50      ca</subfield>
  </datafield>
  <datafield tag="101" ind1="0" ind2=" ">
    <subfield code="a">rus</subfield>
  </datafield>
  <datafield tag="102" ind1=" " ind2=" ">
    <subfield code="a">RU</subfield>
  </datafield>
  <datafield tag="105" ind1=" " ind2=" ">
    <subfield code="a">y   z   000zy</subfield>
  </datafield>
  <datafield tag="135" ind1=" " ind2=" ">
    <subfield code="a">crgn 008apaba</subfield>
  </datafield>
  <datafield tag="200" ind1="1" ind2=" ">
    <subfield code="a">&#x41A;&#x430;&#x437;&#x430;&#x43A;&#x438; &#x414;&#x43E;&#x43D;&#x430;, &#x41A;&#x443;&#x431;&#x430;&#x43D;&#x438;, &#x423;&#x440;&#x430;&#x43B;&#x430; &#x438; &#x421;&#x438;&#x431;&#x438;&#x440;&#x438;, &#x422;&#x435;&#x440;&#x435;&#x43A;&#x430;, &#x410;&#x441;&#x442;&#x440;&#x430;&#x445;&#x430;&#x43D;&#x438;, &#x417;&#x430;&#x431;&#x430;&#x439;&#x43A;&#x430;&#x43B;&#x44C;&#x44F; &#x438; &#x421;&#x435;&#x43C;&#x438;&#x440;&#x435;&#x447;&#x44C;&#x44F;. "&#x41F;&#x43E;&#x43B;&#x44C;&#x441;&#x43A;&#x438;&#x435; &#x43F;&#x430;&#x43D;&#x44B; &#x441; &#x43F;&#x43E;&#x43C;&#x43E;&#x449;&#x44C;&#x44E; &#x444;&#x440;&#x430;&#x43D;&#x446;&#x443;&#x437;&#x441;&#x43A;&#x43E;&#x433;&#x43E; &#x438; &#x430;&#x43D;&#x433;&#x43B;&#x438;&#x439;&#x441;&#x43A;&#x43E;&#x433;&#x43E; &#x437;&#x43E;&#x43B;&#x43E;&#x442;&#x430; &#x43F;&#x43E;&#x448;&#x43B;&#x438; &#x432;&#x43E;&#x439;&#x43D;&#x43E;&#x44E; &#x43D;&#x430; &#x421;&#x43E;&#x432;&#x435;&#x442;&#x441;&#x43A;&#x443;&#x44E; &#x420;&#x43E;&#x441;&#x441;&#x438;&#x44E; ..."</subfield>
    <subfield code="e">[&#x43B;&#x438;&#x441;&#x442;&#x43E;&#x432;&#x43A;&#x430;]</subfield>
  </datafield>
  <datafield tag="210" ind1=" " ind2=" ">
    <subfield code="a">&#x41C;.</subfield>
    <subfield code="c">&#x413;&#x43E;&#x441;. &#x438;&#x437;&#x434;.</subfield>
    <subfield code="d">1920</subfield>
  </datafield>
  <datafield tag="215" ind1=" " ind2=" ">
    <subfield code="a">1 &#x441;.</subfield>
    <subfield code="d">48x25</subfield>
  </datafield>
  <datafield tag="300" ind1=" " ind2=" ">
    <subfield code="a">&#x41F;&#x43E;&#x434;&#x43F;&#x438;&#x441;&#x438;: &#x41A;&#x430;&#x437;&#x430;&#x447;&#x438;&#x439; &#x43E;&#x442;&#x434;&#x435;&#x43B; &#x412;&#x426;&#x418;&#x41A;. &#x417;&#x430;&#x43C;. &#x43F;&#x440;&#x435;&#x434;&#x43A;&#x430;&#x437;&#x43E;&#x442;&#x434;&#x435;&#x43B; &#x412;&#x426;&#x418;&#x41A; &#x418;. &#x41A;&#x438;&#x441;&#x435;&#x43B;&#x435;&#x432;; &#x441;&#x435;&#x43A;&#x440;&#x435;&#x442;&#x430;&#x440;&#x44C; &#x41A;&#x430;&#x437;&#x43E;&#x442;&#x434;&#x435;&#x43B;&#x430; &#x412;&#x426;&#x418;&#x41A; &#x418;. &#x414;&#x43E;&#x43B;&#x433;&#x430;&#x447;&#x435;&#x432;</subfield>
  </datafield>
  <datafield tag="325" ind1="1" ind2=" ">
    <subfield code="a">&#x41A;&#x43E;&#x43F;&#x438;&#x44F; &#x434;&#x43E;&#x441;&#x442;&#x443;&#x43F;&#x43D;&#x430; &#x432; &#x42D;&#x43B;&#x435;&#x43A;&#x442;&#x440;&#x43E;&#x43D;&#x43D;&#x43E;&#x439; &#x431;&#x438;&#x431;&#x43B;&#x438;&#x43E;&#x442;&#x435;&#x43A;&#x435; &#x420;&#x41D;&#x411;</subfield>
  </datafield>
  <datafield tag="327" ind1="1" ind2=" ">
    <subfield code="a">&#x41F;&#x440;&#x438;&#x437;&#x44B;&#x432; &#x432;&#x441;&#x442;&#x443;&#x43F;&#x430;&#x442;&#x44C; &#x432; &#x440;&#x44F;&#x434;&#x44B; &#x41A;&#x440;&#x430;&#x441;&#x43D;&#x43E;&#x439; &#x410;&#x440;&#x43C;&#x438;&#x438;</subfield>
  </datafield>
  <datafield tag="517" ind1="1" ind2=" ">
    <subfield code="a">"&#x41F;&#x43E;&#x43B;&#x44C;&#x441;&#x43A;&#x438;&#x435; &#x43F;&#x430;&#x43D;&#x44B; &#x441; &#x43F;&#x43E;&#x43C;&#x43E;&#x449;&#x44C;&#x44E; &#x444;&#x440;&#x430;&#x43D;&#x446;&#x443;&#x437;&#x441;&#x43A;&#x43E;&#x433;&#x43E; &#x438; &#x430;&#x43D;&#x433;&#x43B;&#x438;&#x439;&#x441;&#x43A;&#x43E;&#x433;&#x43E; &#x437;&#x43E;&#x43B;&#x43E;&#x442;&#x430; &#x43F;&#x43E;&#x448;&#x43B;&#x438; &#x432;&#x43E;&#x439;&#x43D;&#x43E;&#x44E; &#x43D;&#x430; &#x421;&#x43E;&#x432;&#x435;&#x442;&#x441;&#x43A;&#x443;&#x44E; &#x420;&#x43E;&#x441;&#x441;&#x438;&#x44E; ..."</subfield>
  </datafield>
  <datafield tag="540" ind1="1" ind2=" ">
    <subfield code="a">&#x41F;&#x440;&#x438;&#x437;&#x44B;&#x432; &#x432;&#x441;&#x442;&#x443;&#x43F;&#x430;&#x442;&#x44C; &#x432; &#x440;&#x44F;&#x434;&#x44B; &#x41A;&#x440;&#x430;&#x441;&#x43D;&#x43E;&#x439; &#x410;&#x440;&#x43C;&#x438;&#x438;</subfield>
  </datafield>
  <datafield tag="607" ind1=" " ind2=" ">
    <subfield code="a">&#x420;&#x421;&#x424;&#x421;&#x420;</subfield>
    <subfield code="j">&#x41B;&#x438;&#x441;&#x442;&#x43E;&#x432;&#x43A;&#x438;</subfield>
    <subfield code="x">&#x41F;&#x43E;&#x43B;&#x438;&#x442;&#x438;&#x43A;&#x430; &#x438; &#x443;&#x43F;&#x440;&#x430;&#x432;&#x43B;&#x435;&#x43D;&#x438;&#x435;</subfield>
    <subfield code="y">1917 - 1925</subfield>
    <subfield code="9">2312782</subfield>
    <subfield code="3">RU\NLR\auth\6601609564</subfield>
  </datafield>
  <datafield tag="686" ind1="0" ind2=" ">
    <subfield code="a">&#x422;3(2)71-313,011</subfield>
  </datafield>
  <datafield tag="686" ind1="1" ind2=" ">
    <subfield code="a">&#x422;3(2)712.9-476,011</subfield>
  </datafield>
  <datafield tag="702" ind1=" " ind2="1">
    <subfield code="4">720</subfield>
    <subfield code="7">ca</subfield>
    <subfield code="8">rus</subfield>
    <subfield code="a">&#x41A;&#x438;&#x441;&#x435;&#x43B;&#x435;&#x432;</subfield>
    <subfield code="b">&#x418;. &#x424;.</subfield>
    <subfield code="c">&#x441;&#x43E;&#x442;&#x440;&#x443;&#x434;&#x43D;&#x438;&#x43A; &#x43E;&#x440;&#x433;&#x430;&#x43D;&#x43E;&#x432; &#x43E;&#x445;&#x440;&#x430;&#x43D;&#x44B; &#x43F;&#x440;&#x430;&#x432;&#x43E;&#x43F;&#x43E;&#x440;&#x44F;&#x434;&#x43A;&#x430;</subfield>
    <subfield code="f">1888-1938</subfield>
    <subfield code="g">&#x418;&#x432;&#x430;&#x43D; &#x424;&#x435;&#x434;&#x43E;&#x440;&#x43E;&#x432;&#x438;&#x447;</subfield>
    <subfield code="9">171240</subfield>
    <subfield code="3">RU\NLR\AUTH\770171290</subfield>
  </datafield>
  <datafield tag="702" ind1=" " ind2="1">
    <subfield code="4">720</subfield>
    <subfield code="7">ca</subfield>
    <subfield code="8">rus</subfield>
    <subfield code="a">&#x414;&#x43E;&#x43B;&#x433;&#x430;&#x447;&#x435;&#x432;</subfield>
    <subfield code="b">&#x418;.</subfield>
    <subfield code="c">&#x443;&#x447;&#x430;&#x441;&#x442;&#x43D;&#x438;&#x43A; &#x440;&#x435;&#x432;&#x43E;&#x43B;&#x44E;&#x446;. &#x434;&#x432;&#x438;&#x436;&#x435;&#x43D;&#x438;&#x44F;</subfield>
    <subfield code="9">171287</subfield>
    <subfield code="3">RU\NLR\AUTH\770171337</subfield>
  </datafield>
  <datafield tag="711" ind1="0" ind2="1">
    <subfield code="a">&#x420;&#x421;&#x424;&#x421;&#x420;</subfield>
    <subfield code="b">&#x426;&#x435;&#x43D;&#x442;&#x440;&#x430;&#x43B;&#x44C;&#x43D;&#x44B;&#x439; &#x438;&#x441;&#x43F;&#x43E;&#x43B;&#x43D;&#x438;&#x442;&#x435;&#x43B;&#x44C;&#x43D;&#x44B;&#x439; &#x43A;&#x43E;&#x43C;&#x438;&#x442;&#x435;&#x442;</subfield>
    <subfield code="b">&#x41A;&#x430;&#x437;&#x430;&#x447;&#x438;&#x439; &#x43E;&#x442;&#x434;&#x435;&#x43B;</subfield>
    <subfield code="3">RU\NLR\AUTH\8810044546</subfield>
    <subfield code="9">588506</subfield>
  </datafield>
  <datafield tag="712" ind1="0" ind2="2">
    <subfield code="4">570</subfield>
    <subfield code="a">&#x420;&#x430;&#x431;&#x43E;&#x447;&#x435;-&#x41A;&#x440;&#x435;&#x441;&#x442;&#x44C;&#x44F;&#x43D;&#x441;&#x43A;&#x430;&#x44F; &#x41A;&#x440;&#x430;&#x441;&#x43D;&#x430;&#x44F; &#x430;&#x440;&#x43C;&#x438;&#x44F;</subfield>
    <subfield code="c">1918-1946</subfield>
    <subfield code="3">RU\NLR\AUTH\8810133633</subfield>
    <subfield code="9">763433</subfield>
  </datafield>
  <datafield tag="852" ind1="0" ind2="0">
    <subfield code="a">NLR</subfield>
    <subfield code="b">&#x424;&#x41B;</subfield>
    <subfield code="j">13/156</subfield>
  </datafield>
  <datafield tag="942" ind1=" " ind2=" ">
    <subfield code="c">BOOK</subfield>
  </datafield>
  <datafield tag="980" ind1=" " ind2=" ">
    <subfield code="a">NB</subfield>
  </datafield>
  <datafield tag="981" ind1="2" ind2="1">
    <subfield code="a">(21) &#x41B;&#x438;&#x441;&#x442;&#x43E;&#x432;&#x43A;&#x438;</subfield>
    <subfield code="b">(21) &#x41B;&#x438;&#x441;&#x442;&#x43E;&#x432;&#x43A;&#x438; 1920 &#x433;&#x43E;&#x434;&#x430;</subfield>
  </datafield>
  <datafield tag="995" ind1=" " ind2=" ">
    <subfield code="5">2025-04-09</subfield>
    <subfield code="b">NLR02</subfield>
    <subfield code="c">NLR02</subfield>
    <subfield code="e">RFS</subfield>
    <subfield code="f">11337000-10</subfield>
    <subfield code="k">&#x424;&#x41B; 13/156</subfield>
    <subfield code="o">0</subfield>
    <subfield code="r">FLYER</subfield>
    <subfield code="s">_13156</subfield>
  </datafield>
</record>
